El sistema presupuestario gubernamental

Salvato in:
Dettagli Bibliografici
Autore principale: Burkhead, Jesse (Autore)
Natura: Libro
Lingua:spagnolo
Pubblicazione: Ciudad de México Herrero 1966
Edizione:2a. ed
Soggetti:
Tags: Aggiungi Tag
Nessun Tag, puoi essere il primo ad aggiungerne!!

MARC

LEADER 00000nam a2200000 a 4500
001 UCT8109
003 CL-VaPUC
008 970317e19660909MX |||||||||||||||||spa|d
082 0 4 |a 352.12  |b BUR  |2 21 
100 0 |a Burkhead, Jesse  |e author  |9 379595 
245 1 3 |a El sistema presupuestario gubernamental 
250 |a 2a. ed 
300 |a 504 p 
942 |c BK 
945 |d 19970317 00:00:00  |a paguirre 
260 |a Ciudad de México  |b Herrero  |c 1966 
650 7 |a PRESUPUESTO NACIONAL  |2 CL-VaPUC  |9 338436 
650 7 |a POLITICA PRESUPUESTARIA  |2 CL-VaPUC  |9 379596 
650 0 |a Política económica   |9 255029 
650 0 |a Desarrollo económico y social   |9 256320 
583 |a last modification  |c 19970317 00:00:00  |k Rodrigo Vera 
999 |c 256640  |d 256638 
952 |0 0  |1 0  |4 0  |6 352_120000000000000_BUR_1966  |7 0  |8 A  |9 279466  |a BIBDER  |b BIBDER  |d 2019-11-19  |i 1812904  |o 352.12 BUR 1966  |p 1812904  |r 2019-11-19  |w 2019-11-19  |y BK  |k DER